02829nam a2200577Ia 45000010005000000080041000050100009000460410014000550820025000692450213000942600018003073000008003255200007003336300023003406300013003636300030003766300030004066300016004366500018004526900024004707000028004947000038005227000042005607000029006029010089006319020006007209030064007269040018007909050054008089060006008629070014008689080014008829090051008969100015009479110010009629120014009729130009009869140024009959150019010199160009010389170009010479180014010569190033010705201089011039210007021929220007021999230006022069240014022129420010022269990015022364096241029s9999 xx 000 0 und d a3846 aEspañol a UCSD MGP 0044 2014 0aEstilos docentes en el manejo estratégico de la disciplina en el salón de clase, con los estudiantes del Primer Grado del Segundo Ciclo del Nivel Medio del Sector Público, Liceo Ramón Marrero Aristy. aSanto Domingo a125 a29 aDisciplina Escolar aDocentes aEstrategia Metodológica aEstrategias Pedagógicas aEstudiantes aMetodología aCopiado sin cambios easesora Castillo, Omar eautora Polanco Disla , Ana Celia eautoraNúñez Collado , Isabel A.  easesoraTorres , Fanny  a{"1":" Polanco Disla ","2":"Núñez Collado "}b{"1":"Ana Celia","2":"Isabel A. "} a2 a{"1":"Torres ","2":" Castillo"}b{"1":" Fanny ","2":"Omar"} aMaestría en aPlanificación y Gestión de Centros Educativos a2 aNO APLICA aNO APLICA aUniversidad Católica de Santo Domingo (UCSD) aNULLbNULL a["1"] aNO APLICA aNULL a01 de Junio de 2014 a20/12/19 08:12 aNULL aNULL aNO APLICA a["67","70","223","245","96"] aEl propósito general de la investigación, consistió en analizar los diversos estilos docentes que existen en el manejo estratégico de la disciplina en el salón de clases, con los estudiantes del Primer (1er) grado del Segundo (2do) Ciclo del Nivel Medio del Sector Público, en el Liceo Ramón Marrero Aristy.El problema desde el cual se aborda esta investigación, se concretó en la pregunta, ¿Cuáles son los diversos estilos docentes en el manejo de la disciplina en el salón de clases de los estudiantes del primer (1er) grado del segundo (2do) ciclo del nivel medio del Sector Público, en el Liceo Ramón Marrero Aristy.   Las fuentes que se emplearon en la investigación son de tipo primaria y secundaria. En referencia a los diversos estilos docentes encontrados a raíz de esta investigación, queda demostrado, que los docentes no poseen un estilo único en el desempeño de su práctica pedagógica en el aula, sino que hacen uso combinado de algunos o varios de ellos. Sin embargo, la mayoría hacen uso del modelo pedagógico tradicional. a12 a12 a0 aNO APLICA cTesis c3846d3846